000 00463nmm a2200157Ia 4500
008 251105s9999||||xx |||||||||||||||||und||
020 _a9788490112106
041 _aspa
100 _aSarasa Peñalva, Jesús
245 0 _aSemiramis
264 _a[Madrid, España] :
_bVision Libros,
_c[Fecha de publicación no identificada]
300 _a172 páginas
650 _aSpanish narrative
856 _uhttps://public.digitaliapublishing.com/a/88916
942 _cCF
999 _c87468
_d87468